The magic fish / (Record no. 299355)
[ view plain ]
| 000 -LEADER | |
|---|---|
| fixed length control field | 00572nam a2200217Ia 4500 |
| 008 - FIXED-LENGTH DATA ELEMENTS--GENERAL INFORMATION | |
| fixed length control field | 160803s9999 xx 000 0 und d |
| 020 ## - INTERNATIONAL STANDARD BOOK NUMBER | |
| International Standard Book Number | 0 590411004 |
| 100 ## - MAIN ENTRY--PERSONAL NAME | |
| Personal name | Littledale, Freya |
| 245 #4 - TITLE STATEMENT | |
| Title | The magic fish / |
| 245 ## - TITLE STATEMENT | |
| Statement of responsibility, etc | pictures by Winslow Pinney Pels ; adapted by Freya Littledale. |
| 260 ## - PUBLICATION, DISTRIBUTION, ETC. (IMPRINT) | |
| Place of publication, distribution, etc | New York : |
| 260 ## - PUBLICATION, DISTRIBUTION, ETC. (IMPRINT) | |
| Name of publisher, distributor, etc | Scholastic Inc. |
| 260 ## - PUBLICATION, DISTRIBUTION, ETC. (IMPRINT) | |
| Date of publication, distribution, etc | 1966 |
| 300 ## - PHYSICAL DESCRIPTION | |
| Extent | 32 pages : |
| 300 ## - PHYSICAL DESCRIPTION | |
| Other physical details | color illustrations ; |
| 300 ## - PHYSICAL DESCRIPTION | |
| Dimensions | 21 cm. |
| 440 ## - SERIES STATEMENT/ADDED ENTRY--TITLE | |
| Title | An Easy-to-read folktale. |
| 650 ## - SUBJECT ADDED ENTRY--TOPICAL TERM | |
| Topical term or geographic name as entry element | Fairy tales. |
| 650 ## - SUBJECT ADDED ENTRY--TOPICAL TERM | |
| Topical term or geographic name as entry element | Folklore. |
| 700 ## - ADDED ENTRY--PERSONAL NAME | |
| Personal name | 320 |
| Withdrawn status | Lost status | Damaged status | Home library | Current library | Shelving location | Date acquired | Total Checkouts | Barcode | Date last seen | Price effective from | Koha item type |
|---|---|---|---|---|---|---|---|---|---|---|---|
| Stonyhurst Southville International School (Batangas) | Stonyhurst Southville International School (Batangas) | Lexiled | 08/03/2016 | SC-1281 | 08/03/2016 | 08/03/2016 | Books |